[Event "Tiroler Einzelmeisterschaft 2017 Senioren II S50+"]
[Site "Jenbach"]
[Date "2017.05.21"]
[Round "3"]
[White "Rieder Leo"]
[Black "Norbert Kranewitter"]
[Result "1-0"]
[BlackElo "1990"]
[EventDate "2017.05.21"]
[WhiteElo "1657"]

1. d4 Nf6 2. c4 e6 3. Nc3 d5 4. Nf3 Nbd7 5. e3 c6 6. Bd3 dxc4 7. Bxc4 Bb4 8. O-O
O-O 9. Bd3 Re8 10. a3 Bxc3 11. bxc3 Qc7 12. e4 e5 13. Nxe5 Nxe5 14. Bf4 Nfd7
15. dxe5 Nxe5 16. Bg3 Qa5 17. f4 Ng4 18. Qf3 Qxc3 19. h3 Qd4+ 20. Kh1 Nf6 21.
e5 Nd5 22. Rfe1 Bd7 23. Rad1 Qc5 24. f5 Qf8 25. Bh4 g6 26. Qg3 Ne7 27. e6 fxe6
28. fxe6 Bc8 29. Rf1 Qh6 30. Bg5 Qh5 31. Rde1 h6 32. Bxe7 Rxe7 33. Bxg6 Qg5 34.
Bf7+ Kh8 35. Qd6 Bxe6 36. Rxe6 Rxe6 37. Bxe6 { Engine stockfish_8_x64.exe}  
1-0

[Event "Tiroler Einzelmeisterschaft 2017 Gruppe A"]
[Site "Jenbach"]
[Date "2017.05.20"]
[Round "2"]
[White "Berchtold Clemens"]
[Black "Gerhold Michael"]
[Result "0-1"]
[BlackElo "2236"]
[EventDate "2017.05.20"]
[WhiteElo "2001"]

1. d4 Nf6 2. c4 e6 3. Nc3 Bb4 4. e3 O-O 5. Ne2 c6 6. a3 ( 6. Ng3 d5 { -0.03} 
)6... Ba5 7. b4 ( 7. Ng3 d5 { -0.08}  )7... Bc7 8. Bb2 ( 8. e4 d5 { 0.11} 
)8... d5 9. c5 ( 9. Ng1 Nbd7 10. Nf3 Qe7 11. Qc2 dxc4 12. Bxc4 e5 13. h3 e4 14.
Nd2 Nb6 15. Bb3 Re8 16. b5 Be6 17. Ncxe4 Bxb3 18. Nxf6+ Qxf6 19. Nxb3 Qg5 20.
O-O Qxb5 21. Nc5 Nc4 22. Bc3 { 0.03}  )9... b6 ( 9... Nbd7 10. Nc1 { -0.33} 
)10. Nf4 ( 10. Ng3 e5 11. Be2 Re8 12. O-O Nbd7 13. f4 exf4 14. exf4 Bb7 15. Bd3
g6 16. f5 a5 17. cxb6 Nxb6 18. Bc1 axb4 19. fxg6 hxg6 20. Bg5 Qe7 21. axb4 Rxa1
22. Qxa1 { -0.34}  )10... bxc5 ( 10... Nbd7 { -0.39} )11. bxc5 e5 12. dxe5 Bxe5
13. Nd3 Bc7 14. Be2 Ba6 ( 14... Nbd7 15. Nb4 Bb7 16. Nb5 Ne4 17. Qc2 cxb5 18.
c6 Bxc6 19. Nxc6 Ba5+ 20. Kf1 Rc8 21. Bxb5 Nb8 22. Qxe4 dxe4 23. Nxd8 Rfxd8 24.
Rb1 Bc3 25. g3 Bxb2 26. Rxb2 Rc3 27. Be2 a5 28. Kg2 Nc6 29. Rb7 Rxa3 { -0.28} 
)15. Qa4 ( 15. Nb4 Bxe2 { -0.07}  )15... Qc8 ( 15... Bxd3 { -1.47} )16. Qh4 (
16. O-O Re8 { -0.43}  )16... Qf5 ( 16... Re8 17. Rd1 Nbd7 18. Nb4 Nxc5 19. Nxa6
Nxa6 20. Qa4 Qb7 21. Qc2 Nc5 22. Na4 Ba5+ 23. Kf1 Ncd7 24. Kg1 Ne4 25. f3 Nd6
26. Bd3 Nc4 27. Bxh7+ Kf8 28. h4 Nxe3 { -0.99}  )17. Nb4 ( 17. Rd1 { -0.36}
)17... Bxe2 ( 17... Be5 18. Bxa6 Nxa6 19. O-O Nxb4 20. axb4 Qc2 21. Nd1 Bxb2
22. Ra2 a5 23. Rxb2 Qc1 24. Ra2 Ne4 25. bxa5 Qc4 26. Ra1 Qb5 27. f3 Nd2 28. Rf2
Rxa5 29. Rxa5 Qxa5 30. Qd4 Nb3 31. Qc3 Qxc3 32. Nxc3 Nxc5 { -0.92}  )18. Nxe2
Ne4 19. O-O ( 19. Nd4 Qg6 20. Qh3 f5 21. O-O a5 22. Nd3 Nd7 23. Rac1 Rab8 24.
g3 Ng5 25. Qg2 Qh6 26. f4 Ne4 27. Rc2 Bd8 28. a4 Rb7 29. Rd1 Be7 30. Ba3 Rf6
31. Rdc1 g6 32. Rb2 Rxb2 33. Qxb2 { -0.45}  )19... a5 20. Nd3 ( 20. Nd4 Qg6 21.
Nd3 Nd2 22. Rfd1 Qxd3 23. Qh5 Kh8 24. Rac1 Nd7 25. Nxc6 Rae8 26. Bxg7+ Kxg7 27.
Qg4+ Qg6 28. Qxd7 Nf3+ 29. Kh1 Ne5 30. Nxe5 Bxe5 31. c6 Rd8 32. Qb7 Qd6 33. Qb3
Qe7 34. Qa4 Bb2 35. c7 Rc8 36. Qg4+ Kh8 { -0.37}  )20... Nd2 21. Qd4 ( 21. Rfd1
Qxd3 22. Nf4 Bxf4 23. Qxf4 Na6 24. Bc1 Nxc5 25. Bxd2 Qg6 26. a4 Nb3 27. Ra2
Nxd2 28. Raxd2 Rfb8 29. f3 Rb4 30. e4 f5 31. Qxf5 Qxf5 32. exf5 Rxa4 33. Rc2
Rc4 34. Rxc4 dxc4 35. Rc1 a4 36. Rxc4 a3 { -0.88}  )21... f6 22. Ng3 ( 22. Rfe1
Nb3 23. Qc3 Nxa1 24. Nd4 Qg6 25. Rxa1 Be5 26. Qd2 Bxd4 27. exd4 Na6 28. Bc3 Nc7
29. a4 Ne6 30. Re1 Rfe8 31. f3 Rab8 32. Qc2 Qf7 33. h3 Qd7 34. Qd2 { -1.32} 
)22... Bxg3 23. fxg3 ( 23. hxg3 Nxf1 24. g4 Qe4 25. Kxf1 Qxd4 26. exd4 Na6 27.
g5 Rab8 28. gxf6 gxf6 29. Ke2 Rfe8+ 30. Kd2 a4 31. Bc3 Nc7 32. Nb4 Re6 33. Re1
Rc8 34. Nd3 Rxe1 35. Kxe1 Nb5 { -2.13}  )23... Nxf1 24. Rxf1 Qe4 25. Nf4 ( 25.
Qxe4 dxe4 26. Nc1 Nd7 27. Bd4 Rab8 28. g4 Ne5 29. Ne2 Nxg4 30. Ng3 Rb3 31. Nf5
Rxa3 32. Rf4 Nh6 33. Ne7+ Kf7 34. Nxc6 a4 35. Na5 Rd3 36. Rxe4 a3 37. c6 {
-3.12}  )25... Qxd4 ( 25... Nd7 { -3.33} )26. Bxd4 ( 26. exd4 Nd7 { -3.12} 
)26... Nd7 27. Ne6 Rfb8 ( 27... Rfc8 28. g4 { -3.56}  )28. g4 ( 28. Nc7 Ra7 29.
Nxd5 cxd5 30. c6 Rc7 31. cxd7 Rxd7 32. g4 Rb3 33. h4 a4 34. g5 fxg5 35. hxg5
Rf7 36. Rc1 Rfb7 37. Rf1 Rb1 38. Rxb1 Rxb1+ 39. Kf2 Rb3 40. Bc5 Kf7 41. Kf3 Kg6
42. Kf4 Rc3 43. Bd6 Rc2 44. g4 Rc4+ 45. Ke5 { -3.25}  )28... Kf7 ( 28... Rb3 {
-4.10} )29. Nc7 Ra7 30. Nxd5 cxd5 31. c6 Nb6 32. Rb1 Rc7 ( 32... Ke6 { -3.35}
)33. Rxb6 Rxb6 34. Bxb6 Rxc6 35. Bxa5 Rc2 ( 35... Rc5 36. Bb6 Rb5 37. Bd4 Rb3
38. Kf2 Rxa3 39. Kf3 Ra2 40. h3 Rc2 41. Bb6 Rc3 42. Bd4 Rc6 43. Kf2 Ra6 44. Kf3
h6 45. Bc3 Ra2 46. Bd4 Ke6 47. Bb6 Ra3 48. Bd4 Ra5 49. Kf2 Ra4 50. Bc5 Ra6 51.
Bd4 Ra5 52. Kf3 Kf7 53. Bb6 Rb5 54. Bd4 Ke6 55. Kf2 Rb3 56. Kf3 Ra3 57. Bb6 {
-2.27}  )36. h3 Ke6 ( 36... Ra2 37. Bb6 Rxa3 38. Kf2 Ra2+ 39. Kg3 Rc2 40. Kf3
Rc3 41. Bd4 Rc6 42. Kf2 Ra6 43. Kf3 h6 44. Bc3 Ra2 45. Bd4 Ra5 46. Bb6 Ra4 47.
Bd4 Ra2 48. Bb6 Ke6 49. Bd4 Ra3 50. Kf2 Ra4 51. Bc5 Ra6 52. Bd4 Ra5 53. Kf3 Ra4
54. Bb6 Ra3 55. Bd4 Rd3 56. Kf2 Kd6 57. Kf3 Ra3 58. h4 { -2.27}  )37. Bb6 ( 37.
a4 Ra2 38. Bb6 Rxa4 39. Kf2 Ke5 40. Kf3 h6 41. Bc7+ Ke6 42. Bb6 Ra3 43. Bd4 Rd3
44. Kf2 Rd2+ 45. Kf3 Ra2 46. Bc3 Kf7 47. Bd4 Ra5 48. Bb6 Ra4 49. Bd4 Ra2 50.
Bb6 Ke6 51. Bd4 Ra3 52. Bc5 Rc3 53. Bb6 Rc4 54. Bd4 Rc7 55. Kf2 Rc6 56. Kf3 Rc2
57. Kg3 Kf7 58. Kf3 { -2.27}  )37... Ra2 38. Bc5 ( 38. Bd4 g6 39. Kh2 f5 40.
Kg3 fxg4 41. hxg4 Rxa3 42. Kf4 Ra2 43. Kg3 Kd6 44. Kf3 Ra4 45. Kf4 Ra8 46. g5
Ra3 47. Bg7 Ra4+ 48. Bd4 Ke6 49. g4 Kd6 50. Kf3 Ra2 51. Kg3 Kc6 52. Kf3 Kb5 53.
Kg3 Kc4 54. Kf3 Kd3 55. Kf4 Rf2+ 56. Ke5 Kc4 { -2.80}  )38... Ke5 39. Kh2 Ke4
40. Kg3 ( 40. Kg1 g6 41. Kf1 Rc2 42. Bb6 Rc6 43. Bd4 Rc1+ 44. Kf2 Rc2+ 45. Kg1
f5 46. gxf5 gxf5 47. Bb6 Rc1+ 48. Kf2 Rc6 49. Ba7 Rc2+ 50. Kf1 Rc7 51. Bb6 Rc6
52. Ba7 Rc3 53. a4 Ra3 54. Bc5 Rxa4 55. Ke2 Ra2+ 56. Kf1 Rc2 57. Bb6 f4 58.
exf4 Kxf4 59. h4 Ke4 60. g3 { -3.80}  )40... g6 41. h4 Rb2 ( 41... Rc2 { -4.83}
)42. a4 ( 42. Kh2 Rc2 43. Ba7 f5 44. gxf5 gxf5 45. Kg1 Rc1+ 46. Kf2 Rc3 47. a4
Ra3 48. Bc5 Rxa4 49. Kf1 Ra1+ 50. Kf2 Ra5 51. Bb6 Ra6 52. Bc5 Rc6 53. Ba7 Rc2+
54. Kf1 Rc7 55. Bb6 Rc1+ 56. Kf2 Rc2+ 57. Kf1 Ra2 58. Bc5 Ra5 59. Bb6 Ra1+ 60.
Ke2 Ra8 { -4.63}  )42... Rd2 { Engine stockfish_8_x64.exe}  ( 42... Ra2 43. Bb6
Rxa4 44. Kf2 Ra3 45. Bc5 Ra2+ 46. Kf1 f5 47. gxf5 gxf5 48. Bb6 Ra6 49. Bc5 Ra1+
50. Kf2 Ra5 51. Bb6 Rb5 52. Ba7 Rb2+ 53. Kf1 f4 54. exf4 d4 55. g3 Rb3 56. Bc5
Rxg3 57. Kf2 Rf3+ 58. Ke2 Rxf4 59. Be7 Rf5 60. Bd8 d3+ 61. Kd2 Rf2+ 62. Kd1 Rb2
63. Bf6 Rh2 64. Bg5 { -4.66}  ) 0-1

[Event "Tiroler Einzelmeisterschaft 2017 - S50+"]
[Site "Jenbach"]
[Date "2017.05.20"]
[Round "2"]
[White "Steinbacher Thomas"]
[Black "Rieder Leo"]
[Result "1-0"]
[BlackElo "1657"]
[EventDate "2017.05.20"]
[WhiteElo "2079"]

1. d4 Nf6 2. Nc3 d5 3. Bg5 Bf5 4. f3 Bg6 5. Nh3 h6 6. Bxf6 exf6 7. Nf4 Bb4 8.
Nxg6 fxg6 9. Qd3 Bxc3+ 10. Qxc3 O-O 11. Qb3 Qd7 12. e4 c6 13. O-O-O Kh7 14.
exd5 cxd5 15. c3 Nc6 16. Bd3 f5 17. Kb1 a6 18. h4 h5 19. g4 Na5 20. Qc2 Nc4 21.
Rdg1 hxg4 22. h5 Ne3 23. hxg6+ Kxg6 24. Qf2 Qe7 25. fxg4 Kf7 26. Re1 Rh8 27.
Rxh8 Rxh8 28. Rxe3 Rh1+ 29. Kc2  1-0

[Event "Tiroler Einzelmeisterschaft 2017 - S50+"]
[Site "Jenbach"]
[Date "2017.05.21"]
[Round "3"]
[White "Lutz Rudolf"]
[Black "Strasser Josef"]
[Result "0-1"]
[BlackElo "1851"]
[EventDate "2017.05.21"]
[WhiteElo "1414"]

1. f4 d5 2. d4 Nf6 3. Nf3 e6 4. e3 Be7 5. Be2 Nbd7 6. O-O O-O 7. Nbd2 c5 8. c3
Ng4 9. Nb3 c4 10. Nc5 Nxc5 11. dxc5 Bxc5 12. Nd4 Nf6 13. Bf3 a6 14. Qc2 Qc7 15.
Bd2 b5 16. a3 Bb7 17. Rae1 Rae8 18. Rf2 Bd6 19. g3 Nd7 20. Rg2 Nc5 21. Be2 Qd7
22. Rf1 Bc7 23. Rd1 f6 24. Rf1 e5 25. fxe5 fxe5 26. Rxf8+ Rxf8 27. Nf3 d4 28.
cxd4 exd4 29. Nxd4 Bxg2 30. Kxg2 Qf7 31. Bf3 Nd3 32. b3 Bb6 33. bxc4 bxc4 34.
Qd1 Bxd4 35. exd4 Qe6 36. Qf1 Qf6 37. Bd5+ Kh8 38. Qxf6 Rxf6 39. Bb4 Nxb4 40.
axb4 c3 41. Bb3 Rb6 42. d5 Rxb4 43. Bd1 Rc4  0-1

[Event "Tiroler Einzelmeisterschaft 2017 - S50+"]
[Site "Jenbach"]
[Date "2017.05.19"]
[Round "1"]
[White "Mix Thomas"]
[Black "Strasser Josef"]
[Result "1/2-1/2"]
[BlackElo "1851"]
[EventDate "2017.05.19"]
[WhiteElo "1933"]

1. Nf3 d5 2. c4 e6 3. g3 Nf6 4. Bg2 c6 5. O-O Bd6 6. b3 Nbd7 7. Bb2 O-O 8. d3
Qc7 9. Qc2 b6 10. Nbd2 Bb7 11. e4 c5 12. cxd5 exd5 13. Rfe1 d4 14. Rac1 Rac8
15. a3 Rfe8 16. b4 Qb8 17. bxc5 bxc5 18. Nc4 Ng4 19. Rb1 Nb6 20. a4 Ba6 21.
Nfd2 Qc7 22. Bh3 Nxc4 23. Nxc4 Bxc4 24. Bxg4 Be6 25. Bxe6 Rxe6 26. Rbc1 h6 27.
f4 f6 28. Qc4 Qf7 29. Bxd4 Ree8 30. Qxf7+ Kxf7  1/2-1/2

[Event "Tiroler Einzelmeisterschaft 2017 - S50+"]
[Site "Schwaz"]
[Date "2017.05.19"]
[Round "1"]
[White "Rantner Otto"]
[Black "Kranewitter Norbert"]
[Result "1/2-1/2"]
[BlackElo "1990"]
[EventDate "2017.05.19"]
[WhiteElo "1947"]

1. d4 Nf6 2. c4 e6 3. Nf3 Bb4+ 4. Bd2 c5 5. a3 Bxd2+ 6. Qxd2 cxd4 7. Nxd4 O-O 8.
Nc3 Nc6 9. e3 a6 10. Be2 Qc7 11. Nxc6 dxc6 12. O-O Rd8 13. Qc2 e5 14. Rfd1 Be6
15. Rxd8+ Rxd8 16. Rd1 Kf8 17. b4 Ke7  1/2-1/2

[Event "Tiroler Einzelmeisterschaft 2017 Senioren II S65+"]
[Site "Jenbach"]
[Date "????.??.??"]
[Round "2"]
[White "Pfister Erich"]
[Black "Fürlinger Harald"]
[Result "0-1"]
[BlackElo "2044"]
[EventDate "2017.05.20"]
[WhiteElo "1632"]

1. e4 c5 2. Bc4 Nc6 3. Qh5 e6 4. c3 Nf6 5. Qe2 Nxe4 6. Qxe4 d5 7. Bxd5 Qxd5 8.
d3 Ne5 9. Qxd5 exd5 10. Kd2 Bf5 11. Ke2 Bxd3+ 12. Ke1 Be4 13. f3 Nd3+ 14. Kd2
Bg6 15. Nh3 Bd6 16. b4 cxb4 17. cxb4 Bxb4+ 18. Ke2 Kd7 19. Rd1 Rhe8+ 20. Kf1
Nxc1 21. Rxc1 Rec8 22. Rd1  0-1

[Event "Tiroler Einzelmeisterschaft 2017 Gruppe B"]
[Site "Jenbach"]
[Date "2017.05.20"]
[Round "2"]
[White "Wischounig Laurin"]
[Black "Schwarz Benedikt"]
[Result "1-0"]
[BlackElo "1456"]
[EventDate "2017.05.20"]
[WhiteElo "1659"]

1. d4 f5 2. Bg5 h6 3. Bh4 g5 4. e3 Nf6 5. Bg3 d6 6. h4 g4 7. h5 Nc6 8. Ne2 e5 9.
Nd2 Be6 10. c4 Bf7 11. Bh4 Bg7 12. dxe5 dxe5 13. Ng3 Qd7 14. Qc2 Be6 15. Nb3 e4
16. Nc5 Nb4 17. Qb3 Qe7 18. Nxe6 Qxe6 19. Qxb4 O-O-O 20. Be2 f4 21. exf4 e3 22.
O-O Rd2 23. fxe3 Qxe3+ 24. Rf2 Nxh5 25. Bxg4+ Kb8 26. Qxd2  1-0

[Event "Tiroler Einzelmeisterschaft 2017 Senioren II S65+"]
[Site "Jenbach"]
[Date "2017.05.21"]
[Round "3"]
[White "Fürlinger Harald"]
[Black "Pirchner Johann"]
[Result "1-0"]
[BlackElo "1942"]
[EventDate "2017.05.21"]
[WhiteElo "2044"]

1. d4 Nf6 2. c4 e6 3. Nc3 d5 4. Nf3 Nbd7 5. e3 c6 6. Bd3 dxc4 7. Bxc4 Bb4 8. O-O
O-O 9. Bd3 Re8 10. a3 Bxc3 11. bxc3 Qc7 12. e4 e5 13. Nxe5 Nxe5 14. Bf4 Nfd7
15. dxe5 Nxe5 16. Bg3 Qa5 17. f4 Ng4 18. Qf3 Qxc3 19. h3 Qd4+ 20. Kh1 Nf6 21.
e5 Nd5 22. Rfe1 Bd7 23. Rad1 Qc5 24. f5 Qf8 25. Bh4 g6 26. Qg3 Ne7 27. e6 fxe6
28. fxe6 Bc8 29. Rf1 Qh6 30. Bg5 Qh5 31. Rde1 h6 32. Bxe7 Rxe7 33. Bxg6 Qg5 34.
Bf7+ Kh8 35. Qd6 Bxe6 36. Rxe6 Rxe6 37. Qxe6  1-0

[Event "Tiroler Einzelmeisterschaft 2017 Senioren II S65+"]
[Site "Jenbach"]
[Date "2017.05.20"]
[Round "2"]
[White "Sigl Peter"]
[Black "Wichmann Bernhard"]
[Result "1/2-1/2"]
[BlackElo "1707"]
[EventDate "2017.05.20"]
[WhiteElo "1850"]

1. e4 g6 2. d4 Bg7 3. Nf3 d6 4. Bc4 e6 5. Be3 Nf6 6. Nc3 a6 7. Qd2 b5 8. Bd3 Bb7
9. a3 Nbd7 10. h3 O-O 11. Bg5 e5 12. O-O c5 13. dxe5 dxe5 14. b3 Qc7 15. Qe3
Nh5 16. g4 Nf4 17. Nd2 h6 18. Bh4 Rfe8 19. Kh2 Rac8 20. Rad1 Nf6 21. Ne2 g5 22.
Bg3 Rcd8 23. Nf3 Bc8 24. c4 Bxg4 25. cxb5 Bxh3 26. Bxf4 Ng4+ 27. Kxh3 Nxe3 28.
Bxe3 axb5 29. Bxb5 Rxd1 30. Rxd1 Rf8 31. Bc4 Kh7 32. Rd5 f5 33. exf5 Rxf5 34.
Bd3 Qf7 35. Bxf5+ Qxf5+ 36. Kg3 g4 37. Nxe5 Bxe5+ 38. Bf4 Bxf4+ 39. Nxf4 
1/2-1/2

[Event "Tiroler Einzelmeisterschaft 2017 Gruppe A"]
[Site "Jenbach"]
[Date "2017.05.20"]
[Round "2"]
[White "Sucher Johannes"]
[Black "Anibas Jürgen"]
[Result "0-1"]
[BlackElo "2029"]
[EventDate "2017.05.20"]
[WhiteElo "2087"]

1. d4 d5 2. Nf3 Nf6 3. c4 c6 4. Nc3 dxc4 5. e4 b5 6. Qc2 e6 7. Be2 Bb7 8. O-O
Be7 9. Rd1 Nbd7 10. d5 exd5 11. a4 b4 12. exd5 cxd5 13. Nb5 a6 14. Nbd4 Ne4 15.
Nf5 b3 16. Qb1 O-O 17. N3d4 Rc8 18. Bf3 Ndc5 19. Bxe4 Nxe4 20. f3 Nc5 21. Bf4
Nd3 22. Nxe7+ Qxe7 23. Rxd3 cxd3 24. Qxd3 Qf6 25. Be3 Rc4 26. Rd1 Bc6 27. Nf5
Bd7 28. Ng3 Qxb2 29. Qxd5 Be6 30. Qg5 Qf6 31. Qa5 b2 32. Ne4 Qg6 33. Qd2 Bf5
34. Qxb2 Bxe4 35. fxe4 Qxe4  0-1

[Event "Tiroler Einzelmeisterschaft 2017 Gruppe A"]
[Site "Jenbach"]
[Date "2017.05.19"]
[Round "1"]
[White "Anibas Jürgen"]
[Black "Binder Moriz"]
[Result "0-1"]
[BlackElo "2146"]
[EventDate "2017.05.19"]
[WhiteElo "2029"]

1. d4 d5 2. Nf3 Nf6 3. e3 Bg4 4. h3 Bh5 5. g4 Bg6 6. Ne5 Nfd7 7. Nxg6 hxg6 8. c4
c6 9. cxd5 cxd5 10. Qb3 Nb6 11. a4 a5 12. Bd2 Nc6 13. Bb5 e6 14. Nc3 Nd7 15.
Rc1 Nb4 16. Ke2 Bd6 17. Bxd7+ Qxd7 18. Nb5 O-O 19. Nxd6 Qxd6 20. Bxb4 axb4 21.
Rc5 Rfc8 22. Qxb4 Qa6+ 23. Qb5 Rxc5 24. dxc5 Qxa4 25. Qxa4 Rxa4 26. Rc1 Rb4 27.
Rc2 Kf8 28. Kd2 f5 29. Kc3 Rc4+ 30. Kd3 Rb4 31. f3 Rb3+ 32. Kd4 Ke7 33. g5 Kd7
34. Re2 Rb4+ 35. Kd3 Kc6 36. e4 f4 37. exd5+ Kxd5 38. Rc2 e5 39. h4 Rb5 40. Rd2
Rxc5 41. Rd1 Rc4 42. Re1 Rd4+ 43. Kc3 e4 44. fxe4+ Rxe4 45. Rd1+ Ke5 46. Rd7
Kf5 47. Rxb7 f3 48. Rxg7 Kg4 49. h5 f2 50. Rf7 Rf4 51. Rxf4+ Kxf4 52. hxg6 f1=Q
53. g7 Qf3+ 54. Kc4 Qc6+  0-1

[Event "Tiroler Einzelmeisterschaft 2017 Gruppe A"]
[Site "Jenbach"]
[Date "2017.05.19"]
[Round "1"]
[White "Fuchs Georg"]
[Black "Berchtold Clemens"]
[Result "0-1"]
[BlackElo "2001"]
[EventDate "2017.05.19"]
[WhiteElo "2202"]

1. e4 d6 2. d4 Nf6 3. Nc3 e5 4. Nf3 Nbd7 5. Bc4 Be7 6. O-O O-O 7. Re1 c6 8. a4
b6 9. Bd2 a6 10. Qe2 Bb7 11. Rad1 Qc7 12. Bb3 Rad8 13. dxe5 dxe5 14. Nh4 Nc5
15. Nf5 Nxb3 16. cxb3 Bc8 17. h3 Bc5 18. Bg5 Rxd1 19. Rxd1 Ne8 20. Bd8 Qb7 21.
Rd3 g6 22. Qd2 f6 23. Ne3 Ng7 24. Ng4 Bxg4 25. hxg4 Bd4 26. Rxd4 exd4 27. Qxd4
Ne6 28. Qc4 Kg7  0-1

[Event "Tiroler Einzelmeisterschaft 2017 Gruppe A"]
[Site "Jenbach"]
[Date "2017.05.19"]
[Round "1"]
[White "Gerhold Michael"]
[Black "Sucher Johannes"]
[Result "1-0"]
[BlackElo "2087"]
[EventDate "2017.05.19"]
[WhiteElo "2236"]

1. d4 d5 2. c4 dxc4 3. e3 e5 4. Bxc4 exd4 5. exd4 Nf6 6. Nf3 Bb4+ 7. Nc3 Qe7+ 8.
Be3 Ng4 9. O-O Nxe3 10. fxe3 Bxc3 11. bxc3 Qxe3+ 12. Kh1 O-O 13. Ne5 Nc6 14.
Rf3 Qg5 15. Nxf7 Qe7 16. Ng5+ Kh8 17. Rxf8+ Qxf8 18. Qh5 h6 19. Qg6  1-0

[Event "Tiroler Einzelmeisterschaft 2017 - S50+"]
[Site "Jenbach"]
[Date "2017.05.20"]
[Round "2"]
[White "Fasel Jörg"]
[Black "Mix Thomas"]
[Result "0-1"]
[BlackElo "1933"]
[EventDate "2017.05.20"]
[WhiteElo "1810"]

1. d4 c5 2. e4 cxd4 3. Nf3 Nc6 4. Nxd4 g6 5. Be3 Nf6 6. Nd2 Bg7 7. Bc4 d5 8.
exd5 Nxd5 9. Nxc6 bxc6 10. c3 Nxe3 11. fxe3 Qb6 12. Qf3 O-O 13. Rb1 Bh6 14. Nf1
Qc5 15. Qe2 Rd8 16. h4 Qe5 17. Qf3 Bf5 18. Rd1 Rxd1+ 19. Kxd1 Rd8+ 20. Ke2 Qd6
21. Kf2 Be6 22. Bxe6 Qxe6 23. g4 Qxa2 24. Qe2 Qd5 25. Rh3 Qd1 26. h5 Kg7 27. e4
Bf4 28. hxg6 hxg6 29. Rf3 e5 30. b4 Qxe2+ 31. Kxe2 Kf8 32. Rd3 Rxd3 33. Kxd3
Ke7 34. Ne3 Bxe3 35. Kxe3 Kd6 36. c4 a6 37. c5+ Ke6 38. g5 f5  0-1

[Event "Tiroler Einzelmeisterschaft 2017 Gruppe B"]
[Site "Jenbach"]
[Date "2017.05.21"]
[Round "3"]
[White "Schwarz Benedikt"]
[Black "Kuzmanovic Zeljko"]
[Result "1-0"]
[BlackElo "1838"]
[EventDate "2017.05.21"]
[WhiteElo "1456"]

1. d4 Nf6 2. Bf4 d6 3. Nc3 g6 4. e4 Bg7 5. Qd2 c6 6. Bd3 b5 7. Nf3 Qc7 8. Bh6
O-O 9. Bxg7 Kxg7 10. h4 h5 11. e5 Ng4 12. Qg5 b4 13. Ne2 Ba6 14. Nf4 Bxd3 15.
Nxh5+ Kh7 16. Qxg4 Bf5 17. Qf4 f6 18. exf6 exf6 19. Ng3 Bxc2 20. h5 Qe7+ 21.
Kf1 g5 22. Qd2 Be4 23. Nxe4 Qxe4 24. Rd1 Qd5 25. Qxb4 Rf7 26. Qc3 Nd7 27. Qd3+
Kg8 28. Qg6+ Rg7 29. Qb1 g4 30. Nh4 Qxh5 31. g3 Re8 32. Re1 a5 33. Rxe8+ Qxe8
34. Nf5 Rg5 35. Nxd6 Rh5 36. Rg1 Qe6 37. Qg6+ Kf8 38. Qxh5 Qxd6 39. Qxg4 Qd5
40. b3 Ke7 41. Qe2+ Kd6 42. Qe3 Nc5 43. dxc5+  1-0

[Event "Tiroler Einzelmeisterschaft 2017 - S50+"]
[Site "Jenbach"]
[Date "2017.05.21"]
[Round "3"]
[White "Mix Thomas"]
[Black "Steinbacher Thomas"]
[Result "0-1"]
[BlackElo "2079"]
[EventDate "2017.05.21"]
[WhiteElo "1933"]

1. Nf3 d5 2. e3 Nf6 3. c4 c6 4. d4 Bg4 5. Nbd2 e6 6. Be2 Bd6 7. O-O O-O 8. Qc2
Nbd7 9. Re1 Re8 10. b3 Rc8 11. Bb2 c5 12. dxc5 Nxc5 13. Nd4 Bxe2 14. Rxe2 Nce4
15. Nxe4 Nxe4 16. Qb1 Qh4 17. g3 Qh5 18. Qd3 Bc5 19. cxd5 Qxd5 20. Rd1 Red8 21.
Rc1 e5 22. Rec2 exd4 23. exd4 Rc6 24. Qb5 Bxd4 25. Qxd5 Rxd5 26. Bxd4 Rxd4 27.
Rxc6 bxc6 28. Rxc6 g6 29. f3 Ng5 30. Rc7 Rd1+ 31. Kf2 Rd2+  0-1

[Event "Tiroler Einzelmeisterschaft 2017 Senioren II S65+"]
[Site "Jenbach"]
[Date "2017.05.20"]
[Round "2"]
[White "Pirchner Johann"]
[Black "Rossmair Hermann"]
[Result "1-0"]
[BlackElo "1697"]
[EventDate "2017.05.20"]
[WhiteElo "1942"]

1. e4 e5 2. Nf3 Nc6 3. Bb5 a6 4. Ba4 Nf6 5. Nc3 Be7 6. d3 b5 7. Bb3 O-O 8. O-O
b4 9. Nd5 Bd6 10. Bg5 Be7 11. Nxe7+ Qxe7 12. c3 Na5 13. Bc2 h6 14. Bh4 c5 15.
d4 d6 16. h3 Bd7 17. Re1 Nc4 18. Qc1 a5 19. Bd3 Nb6 20. Qd2 bxc3 21. bxc3 Kh8
22. Rab1 Rab8 23. Bf1 Rg8 24. Qe3 Bc6 25. Nd2 g5 26. Bg3 Nh5 27. Bh2 Nf4 28. g3
Ng6 29. Bg2 Nd7 30. d5 Ba8 31. h4 Kg7 32. h5 Rxb1 33. Rxb1 Nh8 34. Rb5 Qd8 35.
Nc4 Qc7 36. f4 f6 37. fxg5 fxg5 38. Bh3 Rb8 39. Rxa5 Rb1+ 40. Bf1 Nb6 41. Nxb6
Bb7 42. Nc4 Qf7 43. Qe2 Bc8 44. Nxd6 Qc7 45. Ne8+  1-0

[Event "Tiroler Einzelmeisterschaft 2017 Gruppe B"]
[Site "Jenbach"]
[Date "2017.05.20"]
[Round "2"]
[White "Janes Christian"]
[Black "Fercher Alois"]
[Result "1-0"]
[BlackElo "1368"]
[EventDate "2017.05.20"]
[WhiteElo "1597"]

1. e4 e6 2. d4 d5 3. Nc3 Nf6 4. e5 Nfd7 5. Nf3 c5 6. Bb5 Nc6 7. Ne2 cxd4 8.
Nexd4 Nxd4 9. Nxd4 Bc5 10. c3 Bxd4 11. Bxd7+ Bxd7 12. cxd4 O-O 13. O-O Rc8 14.
Qg4 Kh8 15. b3 Bb5 16. Re1 Qa5 17. Be3 Rc2 18. a3 Qc3 19. b4 Rc8 20. Qf4 Kg8
21. h3 Bd7 22. Qg5 Kf8 23. Qh4 h6 24. Rec1 Rxc1+ 25. Rxc1 Qxa3 26. Rxc8+ Bxc8
27. Qd8#  1-0

[Event "Tiroler Einzelmeisterschaft 2017 Senioren II S65+"]
[Site "Jenbach"]
[Date "2017.05.21"]
[Round "3"]
[White "Esterhammer Helmut"]
[Black "Pfister Erich"]
[Result "1/2-1/2"]
[BlackElo "1632"]
[EventDate "2017.05.21"]
[WhiteElo "1557"]

1. e4 e5 2. Nf3 Nc6 3. Bb5 d6 4. O-O Bd7 5. Nc3 Nf6 6. d3 Be7 7. Re1 O-O 8. h3
Ne8 9. Nd5 f5 10. Nxe7+ Nxe7 11. Bc4+ Kh8 12. Ng5 fxe4 13. Qh5 Nf6 14. Qe2 d5
15. Bb3 c6 16. dxe4 h6 17. Nf3 Nxe4 18. Rf1 Ng6 19. c4 Be6 20. Bc2 Bg8 21. cxd5
Qf6 22. b3  1/2-1/2

[Event "Tiroler Einzelmeisterschaft 2017 - S50+"]
[Site "Jenbach"]
[Date "2017.05.19"]
[Round "1"]
[White "Fasel Jörg"]
[Black "Steinbacher Thomas"]
[Result "0-1"]
[BlackElo "2079"]
[EventDate "2017.05.19"]
[WhiteElo "1810"]

1. d4 d5 2. c4 dxc4 3. e4 e5 4. Nf3 exd4 5. Qxd4 Qxd4 6. Nxd4 Nf6 7. Nc3 Bb4 8.
f3 a6 9. Bxc4 b5 10. Bb3 c5 11. Ne2 c4 12. Bc2 Bc5 13. Bg5 Nfd7 14. Nd5 O-O 15.
Be7 Bxe7 16. Nxe7+ Kh8 17. Nxc8 Rxc8 18. O-O-O Nc5 19. Rd5 Ne6 20. Rhd1 Nc6 21.
f4 Nb4 22. Rd7 Kg8 23. Kb1 Nc5 24. R7d4 g6 25. g3 Kf8 26. Nc3 Nxc2 27. Kxc2 Nd3
28. e5 Rd8 29. Rxd8+ Rxd8 30. a3 Rd4 31. Ne2 Re4 32. Nc3 Re3 33. Kd2 Rf3 34.
Ne4 Nxb2 35. Rb1 Na4 36. Ra1 h5 37. Ke2 Rb3  0-1

[Event "Tiroler Einzelmeisterschaft 2017 Senioren II S65+"]
[Site "Jenbach"]
[Date "2017.05.19"]
[Round "1"]
[White "Pirchner Johann"]
[Black "Sigl Peter"]
[Result "1-0"]
[BlackElo "1850"]
[EventDate "2017.05.19"]
[WhiteElo "1942"]

1. e4 e5 2. Nf3 Nc6 3. Bb5 Bc5 4. c3 d6 5. O-O Bd7 6. d4 exd4 7. cxd4 Bb6 8. Bg5
f6 9. Bh4 Nge7 10. Nc3 O-O 11. Re1 a6 12. Ba4 Bg4 13. Ne2 Kh8 14. a3 Ng6 15.
Bg3 f5 16. exf5 Rxf5 17. Bc2 Rf6 18. Nh4 Nxd4 19. Nxg6+ hxg6 20. Bh4 g5 21.
Bxg5 Nxe2+ 22. Rxe2 Bxf2+ 23. Kh1 Bxe2 24. Qxe2 Qe8 25. Qd3 Qh5 26. Bxf6 gxf6
27. Rf1 Re8  1-0

[Event "Tiroler Einzelmeisterschaft 2017 Senioren II S65+"]
[Site "Jenbach"]
[Date "2017.05.21"]
[Round "3"]
[White "Rossmair Hermann"]
[Black "Sigl Peter"]
[Result "0-1"]
[BlackElo "1850"]
[EventDate "2017.05.21"]
[WhiteElo "1697"]

1. e4 e5 2. f4 exf4 3. Nf3 d5 4. e5 Bg4 5. d4 g5 6. Be2 Be7 7. h3 Be6 8. Nh2 Nc6
9. O-O Qd7 10. Bh5 O-O-O 11. c3 Nh6 12. Nd2 Nf5 13. Rf3 Ng3 14. Bg4 Nxe5 15.
dxe5 Bc5+ 16. Rf2 h5 17. Bxe6 Qxe6 18. Ndf3 Bxf2+ 19. Kxf2 Ne4+ 20. Kg1 c5 21.
Qd3 g4 22. Nh4 Qxe5 23. N2f3 gxf3 24. Nxf3 Qf5 25. b4 Rhg8 26. Nh2 Rg3 27. Qf1
Nxc3 28. Bxf4 Qxf4  0-1